| 000 | 00000nam##2200000za#4500 |
| 001 | 9.610621 |
| 003 | CaOODSP |
| 005 | 20230202144024 |
| 007 | ta |
| 008 | 150406|1993||||xxc||||| f|0| 0 eng|d |
| 020 | |a0-662-20978-8 |
| 040 | |aCaOODSP|beng |
| 043 | |an-cn--- |
| 086 | 1 |aH72-22/13-1993E |
| 110 | 2 |aNational Clearinghouse on Family Violence (Canada). |
| 245 | 10|aFamily violence and people with a mental handicap / |cPrepared by Miriam Ticoll. |
| 260 | |aOttawa - Ontario : |bHealth and Welfare Canada. |c1993. |
| 300 | |a9p. : |breferences ; |c28 cm. |
| 490 | 1 |aInformation from the National Clearinghouse on Family Violence |
| 590 | |a93-42|b1993-10-22 |
| 690 | 07|aFamily violence|2gcpds |
| 690 | 07|aPersons with disabilities|2gcpds |
| 690 | 07|aIntellectual disabilities|2gcpds |
| 720 | 1 |aTicoll, Miriam |
| 776 | 0#|tFamily violence and people with a mental handicap / |w(CaOODSP)9.572649 |
| 830 | #0|aInformation from the National Clearinghouse on Family Violence.|w(CaOODSP)9.514740 |